| 000 | 01166nam a22003970a 4500 | ||
|---|---|---|---|
| 001 | PT53349 | ||
| 003 | AR-LpoUNG | ||
| 005 | 20210131231554.0 | ||
| 008 | 191001s2006||||bl |||||||||||||||||por d | ||
| 040 |
_aAR-LpoUNG _bspa _cAR-LpoUNG _eaacr |
||
| 041 | _apor | ||
| 044 | _abl | ||
| 082 | 0 | _aR980 125lat | |
| 100 | 1 |
_aSader, Emir _ecoor. |
|
| 245 | 1 | 0 |
_aLatinoamericana : _benciclopédia contemporânea da América Latina e do Caribe |
| 260 |
_aSan Pablo : _bBoitempo - UERJ, _c2006. |
||
| 300 |
_axliii, 1342 p. : _bil., fot., mapas |
||
| 650 | 4 | _aAMERICA LATINA | |
| 650 | 4 | _aAUTORES | |
| 650 | 4 | _aCULTURA | |
| 650 | 4 | _aDERECHOS HUMANOS | |
| 650 | 4 | _aENCICLOPEDIAS | |
| 650 | 4 | _aGEOGRAFIA | |
| 650 | 4 | _aLITERATURA | |
| 650 | 4 | _aMATERIAL DE REFERENCIA | |
| 650 | 4 | _aPOBLACION INDIGENA | |
| 650 | 4 | _aPOLITICA | |
| 650 | 4 | _aSOCIEDAD | |
| 651 | 4 | _aDOCUMENTOS TEORICOS O METODOLOGICOS | |
| 700 | 1 |
_aJinkings, Ivana _ecoor. |
|
| 700 | 1 |
_aMartins, Carlos Eduardo _ecoor. |
|
| 700 | 1 |
_aNobile, Rodrigo _ecoor. |
|
| 710 | 2 | _aUniversidade do Estado do Rio de Janeiro. Laboratório de Políticas Públicas | |
| 905 | _a53349 | ||
| 942 | _cLSALA | ||
| 999 |
_c10805 _d10805 |
||